| 000 -LEADER |
| fixed length control field |
02830cem a22003738i 4500 |
| 003 - CONTROL NUMBER IDENTIFIER |
| control field |
OSt |
| 005 - DATE AND TIME OF LATEST TRANSACTION |
| control field |
20260214095524.0 |
| 006 - FIXED-LENGTH DATA ELEMENTS--ADDITIONAL MATERIAL CHARACTERISTICS--GENERAL INFORMATION |
| fixed length control field |
m |o d | |
| 008 - FIXED-LENGTH DATA ELEMENTS--GENERAL INFORMATION |
| fixed length control field |
230310s2023 nyu o e 1 eng |
| 020 ## - INTERNATIONAL STANDARD BOOK NUMBER |
| Cancelled/invalid ISBN |
9781350295032 |
| Qualifying information |
(paperback) |
| 034 0# - CODED CARTOGRAPHIC MATHEMATICAL DATA |
| Category of scale |
a |
| 042 ## - AUTHENTICATION CODE |
| Authentication code |
pcc |
| 082 00 - DEWEY DECIMAL CLASSIFICATION NUMBER |
| Classification number |
307.3/3640223 |
| Edition number |
23/eng/20231002 |
| 100 1# - MAIN ENTRY--PERSONAL NAME |
| Personal name |
Dovey, Kim, |
| Relator term |
author. |
| 245 10 - TITLE STATEMENT |
| Title |
Atlas of informal settlement / |
| Statement of responsibility, etc |
Kim Dovey, Matthijs van Oostrum, Tanzil Shafique, Ishita Chatterjee, Elek Pafka. |
| 255 ## - CARTOGRAPHIC MATHEMATICAL DATA |
| Statement of scale |
Scales differ. |
| 263 ## - PROJECTED PUBLICATION DATE |
| Projected publication date |
2310 |
| 300 ## - PHYSICAL DESCRIPTION |
| Extent |
1 online resource |
| 504 ## - BIBLIOGRAPHY, ETC. NOTE |
| Bibliography, etc |
Includes bibliographical references and index. |
| 520 ## - SUMMARY, ETC. |
| Summary, etc |
"Informal settlements and slums are the most pervasive modes of urbanization on the planet, housing up to 2 billion people and absorbing most rural-to-urban migration worldwide. This presents architects, urban planners, and everyone working to improve the lives of the world's urban poor, with a uniquely complex and urgent challenge. Featuring 50 contemporary case studies of informal settlements from over 30 cities across the Global South, the Atlas of Informal Settlement is the first book to map the processes by which informal settlements and slums grow and develop. Each case study uses maps and aerial photographs to examine the key stages of development, while accompanying texts outline the impact of environmental, social, economic and political factors - ultimately revealing the hidden rules and logics embodied in informal settlements worldwide. As the focus of sustainable urban development shifts towards the upgrade of slums through community collaboration, it has become vital to understand how such places develop. The Atlas of Informal Settlement provides key insights, enabling designers and planners to better harness the positive capacities of informal production. The book is also interspersed with short chapters introducing key theoretical concepts - the issues and complexities at stake when thinking about informal settlements - making this book essential reading for all students, academics, and professionals working in informal settlement contexts, from architects and urban designers to NGOs, policy-makers, and community activists"-- |
| 650 #0 - SUBJECT ADDED ENTRY--TOPICAL TERM |
| Topical term or geographic name as entry element |
Slums |
| Form subdivision |
Maps. |
| 650 #0 - SUBJECT ADDED ENTRY--TOPICAL TERM |
| Topical term or geographic name as entry element |
Urban poor |
| General subdivision |
Housing |
| Form subdivision |
Maps. |
| 650 #0 - SUBJECT ADDED ENTRY--TOPICAL TERM |
| Topical term or geographic name as entry element |
Urban poor |
| General subdivision |
Social conditions |
| Form subdivision |
Maps. |
| 650 #0 - SUBJECT ADDED ENTRY--TOPICAL TERM |
| Topical term or geographic name as entry element |
City planning |
| Form subdivision |
Maps. |
| 655 #7 - INDEX TERM--GENRE/FORM |
| Genre/form data or focus term |
Atlases. |
| Source of term |
lcgft |
| 655 #7 - INDEX TERM--GENRE/FORM |
| Genre/form data or focus term |
Maps. |
| Source of term |
lcgft |
| 700 1# - ADDED ENTRY--PERSONAL NAME |
| Personal name |
Oostrum, Matthijs van, |
| Relator term |
author. |
| 700 1# - ADDED ENTRY--PERSONAL NAME |
| Personal name |
Shafique, Tanzil, |
| Relator term |
author. |
| 700 1# - ADDED ENTRY--PERSONAL NAME |
| Personal name |
Chatterjee, Ishita, |
| Relator term |
author. |
| 700 1# - ADDED ENTRY--PERSONAL NAME |
| Personal name |
Pafka, Elek, |
| Relator term |
author. |
| 776 08 - ADDITIONAL PHYSICAL FORM ENTRY |
| Display text |
Print version: |
| Main entry heading |
Dovey, Kim. |
| Title |
Atlas of informal settlement |
| Place, publisher, and date of publication |
New York : Bloomsbury Publishing, 2023 |
| International Standard Book Number |
9781350295049 |
| Record control number |
(DLC) 2023590198 |
| 906 ## - LOCAL DATA ELEMENT F, LDF (RLIN) |
| a |
7 |
| b |
cbc |
| c |
orignew |
| d |
1 |
| e |
ecip |
| f |
20 |
| g |
y-geogmaps |
| 942 ## - ADDED ENTRY ELEMENTS (KOHA) |
| Source of classification or shelving scheme |
|